00566 2200193 4500001002100000005001500021035002000036007000300056008004100059020001800100082001000118084001600128100002200144245010900166260003100275300003100306651002200337990001300359INLIS00000000000177820241028032002 a0010-1024000088ta241028 g 0 ind  a979-781-540-4 a658.3 a658.3 DER m0 aDermawan Wibisono1 aManajemen Kinerja :bKonsep, Desain, dan Teknik, Meningkatkan daya saing perusahaan /cDermawan Wibisono aJakarta :bErlangga,c2006 a224 hlm. :bilus. ;c26 cm 4aManajeman kinerja aBUN02302